| 000 | 01754cad a22002895a 4500 | ||
|---|---|---|---|
| 001 | L137603 | ||
| 008 | 110623e20070410xxk f f000 0 eng d | ||
| 035 | _a(Sirsi) u137603 | ||
| 041 | 0 | _aeng | |
| 050 | 0 | 4 | _a692.2 $2 18 |
| 110 | 1 |
_aUnited Kingdom _bDepartment for Communities and Local Government _94939 |
|
| 245 | 0 | 4 |
_aThe Energy Performance of Buildings (Certificates and Inspections) (England and Wales) Regulations 2007 (SI 2007/991) _bBuilding Regulations 2000 (SI 2007/991) _bBuilding (Approved Inspectors Etc) Regulations 2000 (SI 2007/991) _bcircular |
| 260 |
_aLondon _bDCLG _c2007 |
||
| 490 | 0 |
_aDCLG Circular _v02/2007 |
|
| 520 | _aHighlights new powers and obligations under the Energy Performance of Buildings (Certificates and Inspections) (England and Wales) Regulations 2007. New requirements include the need for Energy Performance Certificates and Display Energy Certificates, the need to show prospective owners or tenants the current energy performance rating of a building, and the need to take certain steps to improve the performance of boilers and heating systems. | ||
| 590 | _aKA NTK | ||
| 650 | 2 | 4 | _aENERGY PERFORMANCE OF BUILDINGS (CERTIFICATES AND INSPECTIONS) (ENGLAND AND WALES) REGULATIONS 2007 |
| 650 | 2 | 4 | _aBUILDING REGULATIONS 2000 |
| 650 | 2 | 4 | _aBUILDING (APPROVED INSPECTORS ETC) REGULATIONS 2000 |
| 650 | 2 | 4 | _aENERGY PERFORMANCE CERTIFICATES |
| 650 | 2 | 4 | _aRESIDENTIAL ENERGY PERFORMANCE CERTIFICATES |
| 650 | 2 | 4 | _aDIRECTIVE 2002/91/EC |
| 651 | 4 |
_aEngland and Wales _y1543- |
|
| 690 | _aENVIRONMENTAL AND LAND CONSULTANCY-ENERGY-ENERGY USE | ||
| 856 | 4 | 0 |
_uhttps://www.communities.gov.uk/documents/planningandbuilding/pdf/324733.pdf _vView the item free of charge at www.communities.gov.uk |
| 942 | _n0 | ||
| 999 |
_c106845 _d106845 |
||